| 000 | 01069nam a2200325Ia 4500 | ||
|---|---|---|---|
| 003 | OSt | ||
| 005 | 20221007122924.0 | ||
| 006 | a|||||r|||| 00| 0 | ||
| 007 | ta | ||
| 008 | 221006b |||||||| |||| 00| 0 eng d | ||
| 020 | _a9788120347380 (pbk) | ||
| 024 | _a192955 | ||
| 037 |
_b3987, 23/03/2015, Educational Book Agency (India) _cTextual |
||
| 040 |
_aPAPL _cPAPL _beng |
||
| 041 |
_2eng _aeng |
||
| 082 | _aC9B3, Q3 Carpa | ||
| 100 |
_aMittal V K _9715645 |
||
| 245 | 0 |
_aIntroduction to nuclear and particle physics _b Verma R C Gupta S C |
|
| 250 | _a3 | ||
| 260 |
_aNew _bDelhi PHI _c2013 |
||
| 300 |
_axvii, 398p. ill. _ccm. |
||
| 500 | _aAppendix A-D 383-391p.; Index 393-398p.; Reprint 2014. | ||
| 650 |
_a Accelerators _9715646 |
||
| 650 |
_a Radiation detectors _9715647 |
||
| 650 |
_aCosmic rays _9715648 |
||
| 700 | _a Gupta S C | ||
| 700 | _a Verma R C | ||
| 942 |
_hC9B3, Q3 Carpa _cTEXL _2CC |
||
| 999 |
_c1211108 _d1211108 |
||